000 00523nam a2200205Ia 4500
003 GCL
008 140319s9999 xx 000 0 eng d
040 _aGCL /
_cGCL
082 0 4 _a822.33
_bS H
100 1 _aSHAKESPEARE, WILLIAM
245 1 0 _aHAMLET /
_cSHAKESPEARE, WILLIAM
260 _a[S.N] :
_bLONGMAN LITERATURE SHAKESPEARE
300 _a442 P
650 0 4 _aENGLISH LITERATURE
650 0 4 _aLITERATURE
650 0 4 _aTHEATER
650 0 4 _aSHAKESPEARE, WILLIAM
650 0 4 _aENGLISH THEATER
942 _2ddc
_cBK
999 _c24925
_d24925